000 01053nam0a2200289 4500
001 RU\NLR\BIBL_A\022459829
005 20250810080409.0
035 _a(NLR Aleph) 022459829
090 _a13363244
_c13363244
100 _a20250217d1943 m y0rusy50 ca
101 0 _auzb
_crus
102 _aRU
105 _ay z 000 y
181 0 _ai
_baxxe
182 0 _an
200 1 _aКолхозларда қуён асраш
_fБ. Г. Меньшов, қишлоқ хўжалик фанлари канд.
203 _aТекст
_bвизуальный
_cнепосредственный
210 _aТошкент
_cЎздавнашр
_d1943
215 _a30,[2] с.
_cтабл.
_d17
300 _aБез тит. л. Описано по обл.
541 1 _aКролиководство в колхозах.
_zrus
700 1 _aМеньшов
_bБ. Г.
_cқишлоқ хўжалик фанлари канд.
_4070
942 _cBOOK
945 _aРоссийская национальная библиотека
980 _aBV
980 _aNB